<?xml version="1.0" encoding="UTF-8"?>
<record
    xmlns:xsi="http://www.w3.org/2001/XMLSchema-instance"
    xsi:schemaLocation="http://www.loc.gov/MARC21/slim http://www.loc.gov/standards/marcxml/schema/MARC21slim.xsd"
    xmlns="http://www.loc.gov/MARC21/slim">

  <leader>00996cam a2200253   4500</leader>
  <controlfield tag="001">sa 66004309 </controlfield>
  <controlfield tag="003">DLC</controlfield>
  <controlfield tag="005">20260227112241.0</controlfield>
  <controlfield tag="008">860214m19629999ii       bd   00000 hino </controlfield>
  <datafield tag="010" ind1=" " ind2=" ">
    <subfield code="a">sa 66004309 </subfield>
  </datafield>
  <datafield tag="041" ind1="0" ind2=" ">
    <subfield code="a">hinraj</subfield>
  </datafield>
  <datafield tag="043" ind1=" " ind2=" ">
    <subfield code="a">a-ii---</subfield>
  </datafield>
  <datafield tag="050" ind1="0" ind2=" ">
    <subfield code="a">PK2707</subfield>
    <subfield code="b">.R3</subfield>
  </datafield>
  <datafield tag="245" ind1="0" ind2="0">
    <subfield code="a">R&#x101;jasth&#x101;nn&#x12B; sabada kosa;</subfield>
    <subfield code="b">R&#x101;jasth&#x101;n&#x12B; Hind&#x12B; br&#x325;hat ko&#x15B;a.</subfield>
    <subfield code="c">Kart&#x101; S&#x12B;t&#x101;r&#x101;mma L&#x101;&#x1E37;asa. Vyutpatti &#x101;di dv&#x101;r&#x101; parishk&#x101;raka Nity&#x101;nanda &#x15A;&#x101;str&#x12B; D&#x101;dh&#x12B;ca.</subfield>
  </datafield>
  <datafield tag="250" ind1=" " ind2=" ">
    <subfield code="a">[1. sa&#x1E43;skara&#x1E47;a]</subfield>
  </datafield>
  <datafield tag="260" ind1="0" ind2=" ">
    <subfield code="a">Jodhapura :</subfield>
    <subfield code="b">R&#x101;j&#x101;sth&#x101;n&#x12B; &#x15A;odha Sa&#x1E43;sth&#x101;na,</subfield>
    <subfield code="c">1962-&lt;1978   &gt;</subfield>
  </datafield>
  <datafield tag="300" ind1=" " ind2=" ">
    <subfield code="a">&lt;v. 1; v. 2, pts. 1-2; v. 3, pts. 1-3; v. 4, pts. 1-3 in 9   &gt; ;</subfield>
    <subfield code="c">28 cm.</subfield>
  </datafield>
  <datafield tag="500" ind1=" " ind2=" ">
    <subfield code="a">Hindi and Rajasthani.</subfield>
  </datafield>
  <datafield tag="500" ind1=" " ind2=" ">
    <subfield code="a">Vol. 1 includes a short history of Rajasthani language and literature, in Hindi.</subfield>
  </datafield>
  <datafield tag="504" ind1=" " ind2=" ">
    <subfield code="a">Includes bibliographical references.</subfield>
  </datafield>
  <datafield tag="650" ind1=" " ind2="0">
    <subfield code="a">Rajasthani language</subfield>
    <subfield code="x">Dictionaries</subfield>
    <subfield code="x">Hindi.</subfield>
  </datafield>
  <datafield tag="650" ind1=" " ind2="0">
    <subfield code="a">Rajasthani philology.</subfield>
  </datafield>
  <datafield tag="700" ind1="1" ind2="0">
    <subfield code="a">L&#x101;&#x1E37;asa, S&#x12B;t&#x101;r&#x101;mma.</subfield>
  </datafield>
  <datafield tag="999" ind1=" " ind2=" ">
    <subfield code="c">69343</subfield>
    <subfield code="d">69343</subfield>
  </datafield>
</record>
